[Event "Buenos Aires 2000+ op"]
[Site "Buenos Aires"]
[Date "2016.05.05"]
[Round "3.6"]
[White "Lida Garcia, Fernando"]
[Black "Nejanky, Maisa"]
[Result "0-1"]
[WhiteElo "1942"]
[BlackElo "2062"]
[PlyCount "78"]
[EventDate "2016.05.02"]
[EventType "swiss"]
[EventRounds "9"]
[EventCountry "ARG"]
[SourceTitle "EXT 2024"]
[Source "ChessBase"]
[SourceDate "2023.10.10"]
[SourceVersion "1"]
[SourceVersionDate "2023.10.10"]
[SourceQuality "1"]

1. f4 e5 2. fxe5 d6 3. exd6 Bxd6 4. Nf3 g5 5. g3 g4 6. Nh4 Be7 7. Ng2 h5 8. d4 h4 9. Bf4 Nf6 10. Nc3 Nh5 11. Be5 f6 12. Bf4 h3 13. Ne3 Nxf4 14. gxf4 f5 15. Qd3 Bh4+ 16. Kd1 Nc6 17. d5 Ne7 18. Nc4 b5 19. d6 bxc4 20. dxe7 Qxe7 21. Qxc4 Be6 22. Qc6+ Kf7 23. Nd5 Rad8 24. c4 Rd6 25. Qb7 Rhd8 26. e4 fxe4 27. Kc2 Bxd5 28. cxd5 Bf6 29. Bc4 Kf8 30. Qxa7 Rb6 31. Rab1 Qc5 32. b3 Qf2+ 33. Kc1 Bd4 34. Qa3+ Bc5 35. Qb2 Be3+ 36. Kd1 Rxd5+ 37. Bxd5 Qf3+ 38. Kc2 Qe2+ 39. Kc3 Qd3# 0-1

[Event "Buenos Aires 2000+ op"]
[Site "Buenos Aires"]
[Date "2016.05.04"]
[Round "2.6"]
[White "Echeguren, Gustavo Fabian"]
[Black "Lida Garcia, Fernando"]
[Result "1/2-1/2"]
[WhiteElo "2013"]
[BlackElo "1942"]
[PlyCount "42"]
[EventDate "2016.05.02"]
[EventType "swiss"]
[EventRounds "9"]
[EventCountry "ARG"]
[SourceTitle "EXT 2024"]
[Source "ChessBase"]
[SourceDate "2023.10.10"]
[SourceVersion "1"]
[SourceVersionDate "2023.10.10"]
[SourceQuality "1"]

1. e4 d5 2. exd5 Nf6 3. d4 Nxd5 4. c4 Nf6 5. Nc3 g6 6. Nf3 Bg7 7. Be2 0-0 8. 0-0 b6 9. h3 Bb7 10. Be3 Nbd7 11. Qc2 e6 12. Rad1 Re8 13. Rfe1 Qc8 14. b4 a5 15. b5 c5 16. bxc6 Bxc6 17. Ne5 Nxe5 18. dxe5 Nd7 19. f4 Bf8 20. Ne4 Bxe4 21. Qxe4 Nc5 1/2-1/2

[Event "Buenos Aires 2000+ op"]
[Site "Buenos Aires"]
[Date "2016.05.02"]
[Round "1.5"]
[White "Lida Garcia, Fernando"]
[Black "Salvatti, Diego"]
[Result "1/2-1/2"]
[WhiteElo "1942"]
[BlackElo "2036"]
[PlyCount "43"]
[EventDate "2016.05.02"]
[EventType "swiss"]
[EventRounds "9"]
[EventCountry "ARG"]
[SourceTitle "EXT 2024"]
[Source "ChessBase"]
[SourceDate "2023.10.10"]
[SourceVersion "1"]
[SourceVersionDate "2023.10.10"]
[SourceQuality "1"]

1. d4 c5 2. d5 e5 3. e4 d6 4. Nc3 Be7 5. Bb5+ Nd7 6. a4 Bg5 7. Nf3 Bxc1 8. Qxc1 a6 9. Be2 Nf8 10. h3 Ng6 11. Qe3 Nh4 12. Nxh4 Qxh4 13. Qg3 Qxg3 14. fxg3 Nf6 15. a5 Rb8 16. 0-0 h5 17. b3 Ke7 18. Rf2 b5 19. axb6 Rxb6 20. Ra4 Rb4 21. Bd3 Rxa4 22. Nxa4 1/2-1/2

[Event "Buenos Aires 110 Years Argentino CC"]
[Site "Buenos Aires"]
[Date "2015.04.27"]
[Round "7.6"]
[White "Olivera, Horacio"]
[Black "Lida Garcia, Fernando"]
[Result "1-0"]
[WhiteElo "2140"]
[BlackElo "1948"]
[PlyCount "77"]
[EventDate "2015.04.09"]
[EventType "swiss"]
[EventRounds "9"]
[EventCountry "ARG"]
[SourceTitle "EXT 2024"]
[Source "ChessBase"]
[SourceDate "2023.10.10"]
[SourceVersion "1"]
[SourceVersionDate "2023.10.10"]
[SourceQuality "1"]

1. d4 Nf6 2. c4 g6 3. Nc3 d5 4. Nf3 Bg7 5. Bg5 Ne4 6. cxd5 Nxg5 7. Nxg5 e6 8. Nf3 exd5 9. e3 0-0 10. b4 a5 11. b5 c5 12. Rc1 c4 13. g3 b6 14. Bg2 Bg4 15. h3 Be6 16. 0-0 Ra7 17. Kh2 Bf6 18. Ne5 Qd6 19. f4 Rd8 20. Qe2 Rc7 21. Rfd1 Bg7 22. e4 dxe4 23. Nxe4 Qe7 24. Nc3 Bf5 25. Nd5 Rxd5 26. Bxd5 Bd3 27. Qf3 Bxe5 28. fxe5 Qa3 29. e6 Kg7 30. exf7 Nd7 31. Qf4 Ra7 32. Qd2 Nf6 33. Bxc4 Bxc4 34. Rxc4 Rxf7 35. d5 Nxd5 36. Qxd5 Rf2+ 37. Kh1 Qxg3 38. Qd4+ Rf6 39. Qg4 1-0

[Event "Buenos Aires Duchamp Boca op 3rd"]
[Site "Buenos Aires"]
[Date "2013.06.29"]
[Round "9"]
[White "Fiori, Hector Dionisio"]
[Black "Lida Garcia, Fernando"]
[Result "1/2-1/2"]
[WhiteElo "2152"]
[BlackElo "2011"]
[PlyCount "86"]
[EventDate "2013.06.20"]
[EventType "swiss"]
[EventRounds "9"]
[EventCountry "ARG"]
[SourceTitle "CBM 155 Extra"]
[Source "ChessBase"]
[SourceDate "2013.08.26"]
[SourceVersion "1"]
[SourceVersionDate "2013.08.26"]
[SourceQuality "1"]

1. e4 e6 2. b3 c5 3. Bb2 Nc6 4. Bb5 Nd4 5. Bxd4 cxd4 6. Nf3 e5 7. 0-0 a6 8. Bc4 d6 9. c3 dxc3 10. d4 Be6 11. Bxe6 fxe6 12. dxe5 dxe5 13. Nxc3 Bb4 14. Rc1 Qa5 15. Na4 Nf6 16. Qc2 Rd8 17. Qc4 Ke7 18. Nxe5 Bd6 19. Nf3 b5 20. Qc3 Qxc3 21. Nxc3 Ba3 22. Rcd1 Bb2 23. Rxd8 Rxd8 24. Nd1 Bd4 25. e5 Ne4 26. Nxd4 Rxd4 27. f3 Nc5 28. Ne3 Rd3 29. Re1 Rd2 30. Rc1 Nd7 31. f4 Rxa2 32. Nc2 Rb2 33. Nd4 Rd2 34. Nc6+ Ke8 35. b4 Nb6 36. Nb8 Nd5 37. Nxa6 Nxf4 38. Rc8+ Kf7 39. g3 Nd3 40. Rb8 Nxe5 41. Rxb5 Nf3+ 42. Kf1 Nxh2+ 43. Ke1 Nf3+ 1/2-1/2

[Event "Buenos Aires Duchamp Boca op 3rd"]
[Site "Buenos Aires"]
[Date "2013.06.24"]
[Round "4"]
[White "Barrionuevo, Pablo"]
[Black "Lida Garcia, Fernando"]
[Result "1-0"]
[WhiteElo "2287"]
[BlackElo "2011"]
[PlyCount "61"]
[EventDate "2013.06.20"]
[EventType "swiss"]
[EventRounds "9"]
[EventCountry "ARG"]
[SourceTitle "CBM 155 Extra"]
[Source "ChessBase"]
[SourceDate "2013.08.26"]
[SourceVersion "1"]
[SourceVersionDate "2013.08.26"]
[SourceQuality "1"]

1. d4 d5 2. c4 e6 3. Nf3 c6 4. Nc3 f5 5. g3 Nf6 6. Bg2 Bd6 7. 0-0 0-0 8. Qc2 a5 9. c5 Bc7 10. Bf4 Na6 11. Bxc7 Nxc7 12. Rab1 Na6 13. a3 Ne4 14. Na4 Bd7 15. Ne5 Nf6 16. Qd2 Ra7 17. f3 Be8 18. b3 Nd7 19. Nxd7 Bxd7 20. e4 Nc7 21. exf5 exf5 22. Rfe1 f4 23. Re5 Bf5 24. Rbe1 fxg3 25. hxg3 Nb5 26. Nb6 Nxa3 27. Re7 h6 28. R1e5 Nb5 29. Qe3 Nd6 30. cxd6 Qxb6 31. Rxf5 1-0

[Event "Buenos Aires Duchamp Memorial op 4th"]
[Site "Buenos Aires"]
[Date "2012.10.29"]
[Round "7"]
[White "Cativelli, Gerardo"]
[Black "Lida Garcia, Fernando"]
[Result "1-0"]
[WhiteElo "2173"]
[BlackElo "1996"]
[PlyCount "68"]
[EventDate "2012.10.22"]
[EventType "swiss"]
[EventRounds "9"]
[EventCountry "ARG"]
[SourceTitle "EXT 2013"]
[Source "ChessBase"]
[SourceDate "2012.11.22"]
[SourceVersion "1"]
[SourceVersionDate "2012.11.22"]
[SourceQuality "1"]

1. d4 d5 2. c4 dxc4 3. e4 e5 4. Nf3 Nf6 5. Bxc4 exd4 6. Qb3 Qe7 7. 0-0 Nc6 8. e5 Ne4 9. h3 Nc5 10. Qd1 Be6 11. Bb5 Bd5 12. Nc3 Bxf3 13. Qxf3 Qe6 14. Ne4 Nxe4 15. Qxe4 0-0-0 16. Bf4 f5 17. Qe2 Nb4 18. Rfd1 Bc5 19. Bc4 Qb6 20. Rac1 Nd5 21. Qf3 Nxf4 22. Qxf4 g6 23. Rd3 Be7 24. Rb3 Qc6 25. a4 Qe4 26. Qd2 Qxe5 27. Re1 Qc5 28. Qd3 c6 29. Ba6 bxa6 30. Qxa6+ Kd7 31. Rb7+ Ke8 32. b4 Qd6 33. Rexe7+ Kf8 34. Rxa7 Qf6 1-0

[Event "Buenos Aires Duchamp op 1st"]
[Site "Buenos Aires"]
[Date "2011.09.22"]
[Round "9"]
[White "Martin, Luis Jacinto"]
[Black "Lida Garcia, Fernando"]
[Result "0-1"]
[WhiteElo "1871"]
[BlackElo "2034"]
[PlyCount "63"]
[EventDate "2011.09.12"]
[EventType "swiss"]
[EventRounds "9"]
[EventCountry "ARG"]
[SourceTitle "EXT 2014"]
[Source "ChessBase"]
[SourceDate "2013.11.20"]
[SourceVersion "1"]
[SourceVersionDate "2013.11.20"]
[SourceQuality "1"]

1. Nf3 c5 2. c4 Nc6 3. e3 Nf6 4. Nc3 g6 5. d4 cxd4 6. exd4 d5 7. cxd5 Nxd5 8. Bb5 Nxc3 9. bxc3 Qa5 10. Qb3 a6 11. Bc4 Qf5 12. Ng5 Nd8 13. g4 Qf6 14. Bd5 h6 15. Ne4 Qh4 16. Ba3 Qxg4 17. h4 Qf4 18. Rd1 e6 19. Bc1 Qf5 20. Ng3 Qxd5 21. c4 Qa5+ 22. Bd2 Qa3 23. Qb6 Qd6 24. Qb3 Nc6 25. d5 exd5 26. cxd5 Nd4 27. Qe3+ Qe7 28. 0-0 Qxe3 29. fxe3 Nf5 30. Bc3 Nxg3 31. Bxh8 Nxf1 32. Rxf1 0-1

[Event "Buenos Aires Duchamp op 1st"]
[Site "Buenos Aires"]
[Date "2011.09.18"]
[Round "6"]
[White "Lida Garcia, Fernando"]
[Black "March, Diego"]
[Result "0-1"]
[WhiteElo "2034"]
[BlackElo "1760"]
[PlyCount "52"]
[EventDate "2011.09.12"]
[EventType "swiss"]
[EventRounds "9"]
[EventCountry "ARG"]
[SourceTitle "EXT 2014"]
[Source "ChessBase"]
[SourceDate "2013.11.20"]
[SourceVersion "1"]
[SourceVersionDate "2013.11.20"]
[SourceQuality "1"]

1. c4 e5 2. Nc3 Nc6 3. g3 Bc5 4. Bg2 Nf6 5. e3 0-0 6. Nge2 Re8 7. a3 a5 8. d3 d6 9. 0-0 Bg4 10. Rb1 Qd7 11. Nd5 Nxd5 12. cxd5 Ne7 13. b4 axb4 14. axb4 Bb6 15. Re1 f5 16. f3 Bh5 17. d4 Nxd5 18. dxe5 Nxe3 19. Bxe3 Bxe3+ 20. Kh1 Rxe5 21. f4 Re7 22. Qd5+ Kf8 23. Qxb7 Rae8 24. Bc6 Qd8 25. Bxe8 Qxe8 26. Ra1 c6 0-1

[Event "Buenos Aires Duchamp op 1st"]
[Site "Buenos Aires"]
[Date "2011.09.17"]
[Round "5"]
[White "Elman, Cristian"]
[Black "Lida Garcia, Fernando"]
[Result "1-0"]
[WhiteElo "2170"]
[BlackElo "2034"]
[PlyCount "58"]
[EventDate "2011.09.12"]
[EventType "swiss"]
[EventRounds "9"]
[EventCountry "ARG"]
[SourceTitle "EXT 2014"]
[Source "ChessBase"]
[SourceDate "2013.11.20"]
[SourceVersion "1"]
[SourceVersionDate "2013.11.20"]
[SourceQuality "1"]

1. e4 d5 2. exd5 Qxd5 3. Nc3 Qd6 4. d4 Nf6 5. Nf3 a6 6. h3 Nc6 7. Be3 e5 8. Bc4 exd4 9. Nxd4 Nxd4 10. Qxd4 Qxd4 11. Bxd4 Be7 12. 0-0-0 0-0 13. Rhe1 Bd8 14. Bc5 Nd7 15. Be7 Bxe7 16. Rxe7 Nb6 17. Bb3 Be6 18. Rxc7 Bxb3 19. axb3 Rab8 20. Rd6 Na8 21. Re7 Rfe8 22. Rxe8+ Rxe8 23. Rd7 Rb8 24. Na4 b6 25. Ra7 a5 26. Nc3 g6 27. Ne4 Kg7 28. f4 h5 29. Nd6 Rf8 1-0

[Event "Buenos Aires Duchamp op 1st"]
[Site "Buenos Aires"]
[Date "2011.09.12"]
[Round "1"]
[White "Cori, Jorge Moise"]
[Black "Lida Garcia, Fernando"]
[Result "1-0"]
[WhiteElo "2496"]
[BlackElo "2034"]
[PlyCount "53"]
[EventDate "2011.09.12"]
[EventType "swiss"]
[EventRounds "9"]
[EventCountry "ARG"]
[SourceTitle "EXT 2014"]
[Source "ChessBase"]
[SourceDate "2013.11.20"]
[SourceVersion "1"]
[SourceVersionDate "2013.11.20"]
[SourceQuality "1"]
[WhiteTeam "Peru"]
[WhiteTeamCountry "PER"]

1. d4 d5 2. c4 dxc4 3. Nc3 a6 4. a4 Nf6 5. Nf3 Nc6 6. e3 Na5 7. Be2 Bf5 8. Ne5 Be6 9. 0-0 c5 10. f4 cxd4 11. exd4 g6 12. Bf3 Nd5 13. Ra3 Bg7 14. Qe2 Nxc3 15. bxc3 Bd5 16. h4 e6 17. h5 0-0 18. hxg6 hxg6 19. Ra2 Re8 20. g4 Rc8 21. Qe3 Nc6 22. Rh2 Ne7 23. Ba3 Qa5 24. Bxd5 Qxd5 25. Qh3 Qe4 26. Qh7+ Kf8 27. Nd7# 1-0

[Event "Buenos Aires Bolivar op 4th"]
[Site "Buenos Aires"]
[Date "2011.06.21"]
[Round "7"]
[White "Pizzatti, Mario"]
[Black "Lida Garcia, Fernando"]
[Result "0-1"]
[WhiteElo "1617"]
[BlackElo "2035"]
[PlyCount "48"]
[EventDate "2011.06.13"]
[EventType "swiss"]
[EventRounds "9"]
[EventCountry "ARG"]
[SourceTitle "EXT 2014"]
[Source "ChessBase"]
[SourceDate "2013.11.20"]
[SourceVersion "1"]
[SourceVersionDate "2013.11.20"]
[SourceQuality "1"]

1. d4 Nf6 2. Nf3 c5 3. c3 b6 4. Bg5 Ne4 5. Bf4 Bb7 6. e3 g6 7. Nbd2 Nf6 8. h3 Bg7 9. Be2 0-0 10. 0-0 d6 11. Re1 a6 12. Qc2 Nc6 13. Rad1 Rc8 14. Qb1 Qc7 15. e4 Nh5 16. Be3 e5 17. d5 Ne7 18. g4 Nf6 19. Nh4 b5 20. Rf1 Rce8 21. f4 exf4 22. Bxf4 Nd7 23. Ndf3 Nxd5 24. Bg3 Ne3 0-1

[Event "Buenos Aires Bolivar op 4th"]
[Site "Buenos Aires"]
[Date "2011.06.16"]
[Round "4"]
[White "Mayorga, Nicolas"]
[Black "Lida Garcia, Fernando"]
[Result "1-0"]
[WhiteElo "2293"]
[BlackElo "2035"]
[PlyCount "69"]
[EventDate "2011.06.13"]
[EventType "swiss"]
[EventRounds "9"]
[EventCountry "ARG"]
[SourceTitle "EXT 2014"]
[Source "ChessBase"]
[SourceDate "2013.11.20"]
[SourceVersion "1"]
[SourceVersionDate "2013.11.20"]
[SourceQuality "1"]

1. c4 f5 2. Nf3 d6 3. g3 Nf6 4. Bg2 e5 5. 0-0 Nc6 6. Nc3 Be6 7. b3 e4 8. Ng5 Bg8 9. d4 h6 10. Nh3 d5 11. Nf4 dxc4 12. Ng6 Bb4 13. Na4 Rh7 14. a3 Qxd4 15. Qxd4 Nxd4 16. axb4 Nxb3 17. Ra3 Nxc1 18. Rxc1 b6 19. Bh3 Be6 20. Nh4 g6 21. Nxg6 Nd5 22. b5 Rg7 23. Ne5 Nf4 24. Bf1 a6 25. Nb2 a5 26. Nbxc4 Rd8 27. e3 Nh5 28. Nc6 Rd5 29. Nd4 Bd7 30. Rac3 Nf6 31. Na3 f4 32. Rxc7 fxe3 33. fxe3 Ng4 34. Nc4 Nxe3 35. Nxe3 1-0

[Event "ARG-ch 85th"]
[Site "Buenos Aires"]
[Date "2010.07.07"]
[Round "3"]
[White "Garcia, Raimundo"]
[Black "Lida Garcia, Fernando"]
[Result "1-0"]
[WhiteElo "2314"]
[BlackElo "2055"]
[PlyCount "71"]
[EventDate "2010.07.05"]
[EventType "swiss"]
[EventRounds "11"]
[EventCountry "ARG"]
[SourceTitle "CBM 137 Extra"]
[Source "ChessBase"]
[SourceDate "2010.09.01"]
[SourceVersion "1"]
[SourceVersionDate "2010.09.01"]
[SourceQuality "1"]

1. c4 Nf6 2. Nc3 d5 3. cxd5 Nxd5 4. d4 g6 5. e4 Nxc3 6. bxc3 Bg7 7. Bc4 0-0 8. Ne2 Nc6 9. 0-0 b6 10. Bg5 h6 11. Be3 Bb7 12. Qd2 Kh7 13. Rad1 Na5 14. Bd3 c5 15. d5 Qd7 16. c4 Ba6 17. Qc2 Rad8 18. f4 e5 19. f5 Qe7 20. Rf3 g5 21. Rdf1 Rd6 22. Ng3 Bf6 23. Nh5 Rg8 24. g4 Qe8 25. Kg2 Bc8 26. Rh1 Bd8 27. Bc1 Rh8 28. Qc3 f6 29. h4 Kg8 30. Rfh3 Qa4 31. hxg5 Qxa2+ 32. Bb2 Qb3 33. gxf6 Kf7 34. Qxb3 Nxb3 35. Bxe5 Rd7 36. Bc3 1-0

[Event "ARG-ch 85th"]
[Site "Buenos Aires"]
[Date "2010.07.05"]
[Round "1"]
[White "Dos Santos, Ramiro"]
[Black "Lida Garcia, Fernando"]
[Result "1-0"]
[WhiteElo "2442"]
[BlackElo "2055"]
[PlyCount "79"]
[EventDate "2010.07.05"]
[EventType "swiss"]
[EventRounds "11"]
[EventCountry "ARG"]
[SourceTitle "CBM 137 Extra"]
[Source "ChessBase"]
[SourceDate "2010.09.01"]
[SourceVersion "1"]
[SourceVersionDate "2010.09.01"]
[SourceQuality "1"]

1. e4 d5 2. exd5 Qxd5 3. Nc3 Qd6 4. d4 Nf6 5. Nf3 a6 6. g3 b5 7. Bf4 Qb6 8. Bg2 e6 9. a4 b4 10. a5 Qa7 11. Na4 Nd5 12. Qd2 Nd7 13. 0-0 Bd6 14. Bxd6 cxd6 15. Ng5 Bb7 16. Ne4 Qb8 17. c4 N5f6 18. Nxd6+ Qxd6 19. Bxb7 Rd8 20. c5 Nxc5 21. Nxc5 Qxc5 22. dxc5 Rxd2 23. Bxa6 Rxb2 24. Bb7 Kd7 25. a6 Kc7 26. c6 Nd5 27. a7 Nb6 28. Rfd1 b3 29. Rdb1 Ra2 30. Rxa2 bxa2 31. Ra1 Rd8 32. Rxa2 Na8 33. Kf1 g5 34. Ke2 Kb6 35. Rb2+ Kc7 36. Rd2 Rf8 37. Rd7+ Kb6 38. Bxa8 Rxa8 39. c7 Rc8 40. Rd8 1-0

[Event "Mar del Plata op 39th"]
[Site "Mar del Plata"]
[Date "2008.03.16"]
[Round "3"]
[White "Lida Garcia, Fernando"]
[Black "Cristobal, Ruben"]
[Result "0-1"]
[WhiteElo "2049"]
[BlackElo "2283"]
[PlyCount "52"]
[EventDate "2008.03.15"]
[EventType "swiss"]
[EventRounds "9"]
[EventCountry "ARG"]
[SourceTitle "CBM 123 Extra"]
[Source "ChessBase"]
[SourceDate "2008.05.06"]
[SourceVersion "1"]
[SourceVersionDate "2008.05.06"]
[SourceQuality "1"]

1. d4 Nf6 2. Bg5 c5 3. Bxf6 gxf6 4. d5 f5 5. e3 Bg7 6. c3 0-0 7. Bd3 e6 8. Nf3 d6 9. Qc2 Na6 10. 0-0 Nc7 11. dxe6 fxe6 12. e4 c4 13. Bxc4 fxe4 14. Nd4 d5 15. Bb3 Qh4 16. Nd2 Bd7 17. a4 Rf6 18. Rae1 Rh6 19. h3 Rg6 20. Re3 Bh6 21. Rg3 Rxg3 22. fxg3 Qxg3 23. Nxe4 dxe4 24. Qxe4 Qe3+ 25. Qxe3 Bxe3+ 26. Kh2 Bxd4 0-1

[Event "LNA Puma Cup"]
[Site "Argentina"]
[Date "2006.10.07"]
[Round "6"]
[White "Brunetti, Fernando"]
[Black "Lida Garcia, Fernando"]
[Result "1/2-1/2"]
[WhiteElo "1884"]
[BlackElo "2062"]
[PlyCount "37"]
[EventDate "2006.09.03"]
[EventType "swiss"]
[EventRounds "8"]
[EventCountry "ARG"]
[SourceTitle "EXT 2008"]
[Source "ChessBase"]
[SourceDate "2007.11.25"]
[SourceVersion "1"]
[SourceVersionDate "2007.11.25"]
[SourceQuality "1"]

1. b3 c5 2. Bb2 Nc6 3. e3 a6 4. f4 d6 5. Nf3 Nf6 6. Nc3 e5 7. fxe5 dxe5 8. Ng5 h6 9. Nge4 Ng4 10. Be2 f5 11. Bxg4 Qh4+ 12. g3 Qxg4 13. Qxg4 fxg4 14. Nd5 Rb8 15. 0-0 Kd8 16. Nb6 Be6 17. Ba3 Nb4 18. Bb2 Nc6 19. Ba3 1/2-1/2

[Event "American Continental 03rd"]
[Site "Buenos Aires"]
[Date "2005.08.14"]
[Round "9"]
[White "Malajovich, Sandra"]
[Black "Lida Garcia, Fernando"]
[Result "1-0"]
[WhiteElo "2126"]
[BlackElo "2066"]
[PlyCount "43"]
[EventDate "2005.08.06"]
[EventType "swiss"]
[EventRounds "11"]
[EventCountry "ARG"]
[SourceTitle "CBM 107 Extra"]
[Source "ChessBase"]
[SourceDate "2005.09.01"]
[SourceVersion "1"]
[SourceVersionDate "2005.09.01"]
[SourceQuality "1"]

1. d4 e6 2. c4 Bb4+ 3. Nd2 Nf6 4. Ngf3 0-0 5. g3 b6 6. Bg2 Bb7 7. 0-0 d5 8. Ne5 Qc8 9. Qc2 dxc4 10. Ndxc4 Bxg2 11. Kxg2 Qb7+ 12. f3 Rd8 13. Be3 Nc6 14. Nxc6 Qxc6 15. Qb3 a5 16. Rac1 Qd5 17. a4 e5 18. dxe5 Ng4 19. Bf4 f5 20. Rfd1 Qe6 21. fxg4 fxg4 22. Nd2 1-0

[Event "American Continental 03rd"]
[Site "Buenos Aires"]
[Date "2005.08.09"]
[Round "4"]
[White "Lida Garcia, Fernando"]
[Black "Borda, Alan"]
[Result "1/2-1/2"]
[WhiteElo "2066"]
[BlackElo "2131"]
[PlyCount "50"]
[EventDate "2005.08.06"]
[EventType "swiss"]
[EventRounds "11"]
[EventCountry "ARG"]
[SourceTitle "CBM 107 Extra"]
[Source "ChessBase"]
[SourceDate "2005.09.01"]
[SourceVersion "1"]
[SourceVersionDate "2005.09.01"]
[SourceQuality "1"]

1. b4 d5 2. Bb2 c6 3. e3 a5 4. b5 c5 5. Nf3 Bg4 6. h3 Bh5 7. c4 e6 8. Be2 Nf6 9. Qc2 Bg6 10. d3 Nbd7 11. Nbd2 Be7 12. cxd5 exd5 13. Nh4 Rc8 14. Nxg6 hxg6 15. Rc1 0-0 16. Qb1 Re8 17. 0-0 Bd6 18. Rfe1 Be5 19. d4 cxd4 20. Rxc8 Qxc8 21. exd4 Bf4 22. Qd3 Qd8 23. g3 Bxd2 24. Qxd2 Ne4 25. Qc2 Qb8 1/2-1/2

[Event "Buenos Aires CAA"]
[Site "Buenos Aires"]
[Date "2004.??.??"]
[Round "?"]
[White "Altamirano, Benjamin"]
[Black "Lida Garcia, Fernando"]
[Result "1-0"]
[WhiteElo "2296"]
[BlackElo "2180"]
[PlyCount "39"]
[EventDate "2004.03.22"]
[EventType "tourn"]
[EventRounds "9"]
[EventCountry "ARG"]
[EventCategory "2"]
[SourceTitle "EXT 2005"]
[Source "ChessBase"]
[SourceDate "2004.11.15"]
[SourceVersion "1"]
[SourceVersionDate "2004.11.15"]
[SourceQuality "1"]

1. c4 c6 2. g3 g6 3. Bg2 f5 4. Nc3 Nf6 5. d3 d6 6. e4 Bg7 7. Nge2 Qb6 8. 0-0 e5 9. exf5 gxf5 10. d4 0-0 11. c5 dxc5 12. Nf4 Ne4 13. Nh5 Bh8 14. Bh6 Rd8 15. Qc1 Nxf2 16. Bg5 Rd6 17. Re1 Re6 18. Bf6 Na6 19. Bxh8 Kxh8 20. Nf4 1-0

[Event "Buenos Aires CAA"]
[Site "Buenos Aires"]
[Date "2004.??.??"]
[Round "?"]
[White "Malbran, Guillermo"]
[Black "Lida Garcia, Fernando"]
[Result "1-0"]
[WhiteElo "2314"]
[BlackElo "2180"]
[PlyCount "85"]
[EventDate "2004.03.22"]
[EventType "tourn"]
[EventRounds "9"]
[EventCountry "ARG"]
[EventCategory "2"]
[SourceTitle "EXT 2005"]
[Source "ChessBase"]
[SourceDate "2004.11.15"]
[SourceVersion "1"]
[SourceVersionDate "2004.11.15"]
[SourceQuality "1"]

1. e4 Nf6 2. e5 Nd5 3. Nc3 Nxc3 4. bxc3 d5 5. Ba3 b6 6. d4 c5 7. Nh3 e6 8. Be2 Qd7 9. Rb1 Ba6 10. Bxa6 Nxa6 11. 0-0 Be7 12. Qg4 g6 13. Bc1 h6 14. Qe2 c4 15. Be3 Qa4 16. Qd2 Bf8 17. f4 Nc7 18. Kh1 0-0-0 19. g4 Qd7 20. f5 g5 21. Kg2 Ba3 22. Ng1 Rdg8 23. fxe6 fxe6 24. Ne2 h5 25. gxh5 Rxh5 26. Ng3 Rh7 27. Bxg5 Qg7 28. h4 Be7 29. Rf6 Bxf6 30. exf6 Qg6 31. Rf1 Rf7 32. Qe2 Rh8 33. Rf2 Kd7 34. a4 Kc6 35. Qe5 Rhf8 36. Kf1 a6 37. Ke1 Rd7 38. Kd1 Rdf7 39. Kc1 Rd7 40. Ne2 Qh5 41. Nf4 Qg4 42. Qe2 Qxe2 43. Rxe2 1-0

[Event "Torre Blanca op"]
[Site "Buenos Aires"]
[Date "2003.12.15"]
[Round "6.8"]
[White "Maucci, Luis Marcelo"]
[Black "Lida Garcia, Fernando"]
[Result "1/2-1/2"]
[WhiteElo "2036"]
[BlackElo "2114"]
[PlyCount "57"]
[EventDate "2003.12.02"]
[EventType "swiss"]
[EventRounds "9"]
[EventCountry "ARG"]
[SourceTitle "CBM 097 Extra"]
[Source "ChessBase"]
[SourceDate "2004.01.13"]
[SourceVersion "1"]
[SourceVersionDate "2004.01.13"]
[SourceQuality "1"]

1. e4 d5 2. exd5 Nf6 3. d4 Nxd5 4. g3 g6 5. Bg2 Bg7 6. Nf3 Nb6 7. 0-0 0-0 8. Re1 Nc6 9. c3 a5 10. Qe2 Bg4 11. h3 Be6 12. Na3 a4 13. Bf4 Qd7 14. Kh2 Ra5 15. Ne5 Nxe5 16. Bxe5 Bf6 17. c4 Bxe5 18. dxe5 c6 19. Rad1 Qc7 20. f4 Kg7 21. Rd4 Rd8 22. Red1 Rxd4 23. Rxd4 Rc5 24. Bf1 h5 25. Qd2 Nd7 26. Qb4 Qb6 27. Qd2 Qc7 28. Qb4 Qb6 29. Qd2 1/2-1/2

[Event "Torre Blanca op"]
[Site "Buenos Aires"]
[Date "2003.12.04"]
[Round "2.5"]
[White "Albarran, Gustavo Eduardo"]
[Black "Lida Garcia, Fernando"]
[Result "1/2-1/2"]
[WhiteElo "2226"]
[BlackElo "2114"]
[PlyCount "95"]
[EventDate "2003.12.02"]
[EventType "swiss"]
[EventRounds "9"]
[EventCountry "ARG"]
[SourceTitle "CBM 097 Extra"]
[Source "ChessBase"]
[SourceDate "2004.01.13"]
[SourceVersion "1"]
[SourceVersionDate "2004.01.13"]
[SourceQuality "1"]

1. d4 d5 2. c4 dxc4 3. e3 Nf6 4. Bxc4 Nc6 5. Nc3 e5 6. d5 Na5 7. Qa4+ c6 8. dxc6 Nxc6 9. Qb3 Qc7 10. Bd2 Bc5 11. Nd5 Nxd5 12. Bxd5 0-0 13. Nf3 Ne7 14. Rc1 Qd6 15. Bxf7+ Rxf7 16. Ng5 Nd5 17. Nxf7 Kxf7 18. e4 b6 19. Qxd5+ Qxd5 20. exd5 Bb7 21. 0-0 Bxd5 22. Be3 Bd6 23. f4 Ke6 24. Rcd1 Bxa2 25. f5+ Ke7 26. Bg5+ Kd7 27. f6 Bc4 28. Rf2 Ke6 29. Rxd6+ Kxd6 30. fxg7 Re8 31. Rf8 Kd7 32. Kf2 Bd5 33. h4 a5 34. h5 b5 35. g4 b4 36. Ke1 a4 37. Kd2 Rc8 38. Rxc8 Kxc8 39. Be7 a3 40. bxa3 bxa3 41. Bxa3 Kd8 42. Bb2 Ke8 43. Bxe5 Kf7 44. Ke3 Ba2 45. Kf4 Bb1 46. Kg5 Kg8 47. Kf6 Bc2 48. g5 1/2-1/2